000 00297nam a22001337a 4500
008 170808b xxu||||| |||| 00| 0 eng d
020 _a 0939151189
041 _aeng
080 _a004
100 _a33
101 _aSHK
245 _aTHE SECRET GUIDE TO COMPUTERS
_cBOHEMIER,Y
942 _2udc
_cBK
999 _c22858
_d22858